Burma, nationalism and ideology : (Record no. 20931)

MARC details
000 -LEADER
fixed length control field 00880nam a2200289 a 4500
001 - CONTROL NUMBER
control field 2466212
003 - CONTROL NUMBER IDENTIFIER
control field BDDh-ASL
005 - DATE AND TIME OF LATEST TRANSACTION
control field 20231015025941.0
008 - FIXED-LENGTH DATA ELEMENTS--GENERAL INFORMATION
fixed length control field 891006s1989 bg b 001 0 eng
010 ## - LIBRARY OF CONGRESS CONTROL NUMBER
LC control number 89903911
020 ## - INTERNATIONAL STANDARD BOOK NUMBER
Terms of availability Tk200.00
025 ## - OVERSEAS ACQUISITION NUMBER
Overseas acquisition number B E 5956
040 ## - CATALOGING SOURCE
Original cataloging agency DLC
Transcribing agency DLC
Modifying agency DLC
-- BDDh-ASL
043 ## - GEOGRAPHIC AREA CODE
Geographic area code a-br---
050 00 - LIBRARY OF CONGRESS CALL NUMBER
Classification number DS530.4
Item number .S54 1989
082 00 - DEWEY DECIMAL CLASSIFICATION NUMBER
Classification number 301.591
Edition number 20
Item number MAB
100 0# - MAIN ENTRY--PERSONAL NAME
Personal name Shwe Lu Maung.
245 10 - TITLE STATEMENT
Title Burma, nationalism and ideology :
Remainder of title an analysis of society, culture, and politics /
Statement of responsibility, etc. Shwe Lu Maung.
260 ## - PUBLICATION, DISTRIBUTION, ETC.
Place of publication, distribution, etc. Dhaka :
Name of publisher, distributor, etc. University Press,
Date of publication, distribution, etc. 1989.
300 ## - PHYSICAL DESCRIPTION
Extent xiii, 117 p. :
Other physical details maps ;
Dimensions 22 cm.
500 ## - GENERAL NOTE
General note Includes indexes.
590 ## - LOCAL NOTE (RLIN)
Local note In English.
651 #0 - SUBJECT ADDED ENTRY--GEOGRAPHIC NAME
Geographic name Burma
General subdivision Politics and government
Chronological subdivision 1948-
906 ## - LOCAL DATA ELEMENT F, LDF (RLIN)
a 7
b cbc
c orignew
d 2
e ncip
f 19
g y-gencatlg
942 ## - ADDED ENTRY ELEMENTS (KOHA)
Source of classification or shelving scheme Dewey Decimal Classification
Koha item type Books
Holdings
Withdrawn status Lost status Source of classification or shelving scheme Damaged status Not for loan Collection code Home library Current library Shelving location Date acquired Source of acquisition Total Checkouts Full call number Barcode Date last seen Copy number Price effective from Koha item type
    Dewey Decimal Classification     Non-fiction Asiatic Society Library Asiatic Society Library General Stacks 01/16/2021 ASB Collection   301.591 MAB 104440 01/16/2021 C-1 01/16/2021 Books

Powered by Koha